000
00244nam a22001097a 4500
999
_c
261603
_d
261602
020
_a
9780756637804
100
_a
Susanna Van Rose
245
_a
Volcano And Earthquake
260
_a
U.S.A
_b
DK Publishing
_c
2008
300
_a
72 pgs
942
_c
BK